Frontières de la Zambie-The Times Lefting - Statistiques

Statistiques générales
  • Ce quiz a été pris 37 fois
  • Le résultat moyen est 7 sur 8
Statistiques - réponses
Km Pays % Correct
797 Zimbabwe
100%
338 Tanzanie
94%
837 Malawi
92%
1930 R.D. Congo
92%
1110 Angola
89%
419 Mozambique
89%
0,15 Botswana
83%
233 Namibie
83%
Aucun quiz correspondant
Distribution des résultats
% des personnes avec chaque résultat
Percentile par nombre de réponses
Votre historique - résultats
Vous n’avez pas pris ce quiz